Revisión de algunos holótipo del Herbario Nacional Colombiano (<Col>) (Registro nro. 15282)

Detalles MARC
000 -CABECERA
Campo de control 003440000a22001090004500
090 ## - CLASIFICACIÓN LOCAL
Colección AS
Consecutivo Seriadas
041 0# - IDIOMA
Código de idioma para texto/pista de sonido o título separado
100 1# - ASIENTO PRINCIPAL--NOMBRE PERSONAL
Nombre personal Jaramillo Mejía, Roberto
245 10 - MENCION DE TITULO
Título Revisión de algunos holótipo del Herbario Nacional Colombiano (<Col>)
773 1# - Item fuente:
Título Mutisia: Acta Botánica Colombiana
Especificación de materiales 893
Descripción física 39
Paginas del Articulo 10-12
Lugar, editorial y fecha de publicación 1976
942 ## - ELEMENTOS ADICIONALES (KOHA)
Tipo de ítem Artículo

No hay ítems disponibles.